000 00605nam a22001577a 4500
999 _c14865
_d14865
008 200123b ||||| |||| 00| 0 eng d
082 _22019
_aUT 1420
_bB46
100 _aBetonio, Kierstene Joyce
_941257
245 _aCorporate Social Responsibility of Convenience Stores in Digos City/
_cKierstene Joyce Betonio & Geraldine Sevilla
260 _aDigos City
_bUMDC
_cNovember 2019
300 _a52 pages
_c30cm
650 _aBusiness Administration
_vMarketing Management
_xUndergraduate Thesis
_941258
700 _aBetonio, Kierstene Joyce
_941257
700 _aSevilla, Geraldine
_941259
942 _2ddc
_cUT